| 000 | 00859nas a2200277 4500 | ||
|---|---|---|---|
| 001 | BR2016004711 | ||
| 003 | BR-BrBNA | ||
| 005 | 20231205130731.0 | ||
| 007 | ta | ||
| 008 | 230509b bl.|||p| |||| 00| 00por d | ||
| 040 |
_aBR-BrBNA _bpor _cBiblioteca Nacional de Agricultura |
||
| 041 | _a(Pt) | ||
| 072 | _aL73; E14 | ||
| 100 | 1 | _aReis, E.M.B. | |
| 100 | 1 | _aLopes, M.A. | |
| 245 | 1 | _aMétodos automizados de diagnóstico de mastite em vacas leiteiras: uma revisão | |
| 650 | _aVACA LEITEIRA | ||
| 650 | _aMAMITE | ||
| 650 | _aDIAGNÓSTICO | ||
| 650 | _aAUTOMAÇÃO | ||
| 650 | _aANÁLISE ECONOMICA | ||
| 650 | _aADOÇÃO DE INOVAÇÕES | ||
| 773 | 0 |
_tArquivos de Ciências Veterinárias e Zoologia da UNIPAR (Brazil) _xISSN 1415-8167 _g, v. 17(3) p. 199-208 _wBR2016004711 |
|
| 909 |
_a202311 _bLúcia _c55 _dLúcia Elande |
||
| 942 |
_2AGRIS _n0 _cANA |
||
| 999 |
_c250914 _d250914 |
||